[Event "46th GRE-chT Premier 2018"]
[Site "Rio Achaia"]
[Date "2018.07.11"]
[Round "2"]
[White "Sandalakis, Nikolaos"]
[Black "Kesidis, Odyseas"]
[Result "1/2-1/2"]
[WhiteElo "2209"]
[BlackElo "2248"]
[Annotator "NA"]
[PlyCount "172"]
[EventDate "2018.07.10"]
[EventType "team-tourn"]
[EventCountry "GRE"]
[SourceTitle "playchess.com"]
[Source "ChessBase"]
[SourceQuality "1"]
[TimeControl "40/5400+30:1800+30"]

1. e4 {[%emt 0:00:00]} e5 {[%emt 0:03:41]} 2. Nf3 {[%emt 0:00:00]} Nc6 {[%emt 0:00:12]} 3. Nc3 {[%emt 0:01:11]} Nf6 {[%emt 0:00:16]} 4. h3 {[%emt 0:00:07]} Bb4 {[%emt 0:03:48] C47: Scotch Four Knights and Four Knights with 4 g3} 5. Bd3 {[%emt 0:00:55]} d6 {[%emt 0:00:20]} 6. a3 {[%emt 0:00:58]} Ba5 {[%emt 0:00:54]} 7. b4 {[%emt 0:09:17]} Bb6 {[%emt 0:00:10]} 8. Na4 {[%emt 0:06:17]} O-O {[%emt 0:01:40]} 9. Bb2 $146 {[%emt 0:21:22]} ({Predecessor:} 9. O-O d5 10. exd5 Qxd5 11. Re1 Bd4 12. Nxd4 exd4 {1-0 (56) Giri,A (2776)-Adams,M (2745) London 2014}) 9... Re8 {[%emt 0:12:43]} 10. O-O {[%emt 0:13:10]} Ne7 {[%emt 0:07:03]} 11. Re1 {[%emt 0:01:46]} Ng6 {[%emt 0:03:52]} 12. Nxb6 {[%emt 0:00:32]} axb6 {[%emt 0:00:04]} 13. Bf1 {[%emt 0:00:47]} h6 {[%emt 0:03:23]} 14. d4 {[%emt 0:05:18]} Qe7 {[%emt 0:01:05]} 15. c4 {[%emt 0:09:35]} c5 {[%emt 0:01:30]} 16. dxe5 {[%emt 0:03:59]} dxe5 {[%emt 0:00:13]} 17. Qd2 {[%emt 0:01:01]} Bd7 {[%emt 0:01:54]} 18. b5 {[%emt 0:05:10]} Rad8 {[%emt 0:05:14]} 19. Qc3 {[%emt 0:00:24]} Bc8 {[%emt 0:00:47]} 20. a4 {[%emt 0:02:11]} Nh7 {[%emt 0:03:26]} 21. Red1 {[%emt 0:02:27]} Ng5 {[%emt 0:03:05]} 22. Nxg5 {[%emt 0:06:41]} Qxg5 {[%emt 0:01:51]} 23. Qe3 {[%emt 0:00:42]} Nf4 {[%emt 0:02:22]} 24. Kh2 {[%emt 0:00:27]} Qf6 {[%emt 0:19:15]} 25. a5 {[%emt 0:02:17]} bxa5 {[%emt 0:02:22]} 26. Qxc5 b6 {[%emt 0:01:29]} 27. Rxd8 {[%emt 0:02:19]} Qxd8 {[%emt 0:01:06]} 28. Qe3 {[%emt 0:00:04]} Qc7 {[%emt 0:03:11]} 29. c5 {[%emt 0:01:07]} bxc5 {[%emt 0:00:30]} 30. Bc3 {[%emt 0:00:39]} Bb7 {[%emt 0:02:33]} 31. Bxa5 {[%emt 0:00:50]} Qd6 {[%emt 0:00:49]} 32. Rc1 {[%emt 0:02:09]} Ne6 {[%emt 0:00:45]} 33. f3 {[%emt 0:00:52]} Ra8 {[%emt 0:01:12]} 34. Qd2 {[%emt 0:00:59]} Nd4 {[%emt 0:00:23]} 35. Bc4 {[%emt 0:00:18]} Bc8 {[%emt 0:04:59]} 36. Rb1 {[%emt 0:01:16]} Be6 {[%emt 0:04:03]} 37. Bxe6 {[%emt 0:00:05]} Qxe6 {[%emt 0:00:09]} 38. b6 {[%emt 0:00:52]} Rb8 {[%emt 0:04:18]} 39. b7 {[%emt 0:00:51]} Qa6 {[%emt 0:01:02]} 40. Bc7 {[%emt 0:00:00]} Rxb7 {[%emt 0:00:00]} 41. Rxb7 {[%emt 0:00:36]} Qxb7 {[%emt 0:00:26]} 42. Bxe5 {[%emt 0:00:06]} Ne6 {[%emt 0:02:06]} 43. Qc2 {[%emt 0:02:49]} Qb5 {[%emt 0:02:47]} 44. f4 {[%emt 0:08:47]} c4 {[%emt 0:01:49]} 45. Qd2 {[%emt 0:00:37]} Qc6 {[%emt 0:07:43]} 46. Qd5 {[%emt 0:02:58]} Qxd5 {[%emt 0:01:05]} 47. exd5 {[%emt 0:00:04]} Nc5 {[%emt 0:00:03]} 48. Kg1 {[%emt 0:03:22]} f6 {[%emt 0:04:08]} 49. Bd4 {[%emt 0:00:19]} Nd3 {[%emt 0:02:40]} 50. g3 {[%emt 0:03:36]} Kf7 {[%emt 0:00:40]} 51. Kg2 {[%emt 0:00:42]} Ke7 {[%emt 0:01:25]} 52. Kf3 {[%emt 0:02:16]} Kd6 {[%emt 0:06:52]} 53. Ke4 {[%emt 0:00:04]} Nb4 {[%emt 0:00:21]} 54. Bb2 {[%emt 0:03:55]} Nxd5 {[%emt 0:02:05]} 55. Ba3+ {[%emt 0:01:24]} Kc6 {[%emt 0:00:06]} 56. Bf8 {[%emt 0:03:20]} g6 {[%emt 0:02:59]} 57. Bxh6 {[%emt 0:00:04]} f5+ {[%emt 0:00:56]} 58. Kd4 {[%emt 0:00:22]} c3 {[%emt 0:01:04]} 59. Kd3 {[%emt 0:00:06]} Kb5 {[%emt 0:00:11]} 60. Bf8 {[%emt 0:01:10]} Ka4 {[%emt 0:00:29]} 61. Kc2 {[%emt 0:00:07]} Kb5 {[%emt 0:00:34]} 62. Kb3 {[%emt 0:00:42]} c2 {[%emt 0:02:08]} 63. Kxc2 {[%emt 0:00:04]} Kc4 {[%emt 0:00:02]} 64. Kd2 {[%emt 0:01:46]} Kd4 {[%emt 0:00:21]} 65. Ke2 {[%emt 0:00:30]} Ke4 {[%emt 0:00:04]} 66. Bd6 {[%emt 0:01:39]} (66. Bg7 $14) 66... Nc3+ {[%emt 0:00:10]} 67. Kf2 {[%emt 0:00:14]} Nd1+ {[%emt 0:00:15]} 68. Ke1 {[%emt 0:01:28]} Nc3 {[%emt 0:00:01]} 69. Be5 {[%emt 0:00:53]} Nd5 {[%emt 0:00:03]} 70. Ke2 {[%emt 0:01:05]} g5 {[%emt 0:00:19]} 71. Kf2 {[%emt 0:00:56]} gxf4 {[%emt 0:00:31]} 72. gxf4 {[%emt 0:00:20]} Nxf4 $11 {[%emt 0:00:05]} 73. Bxf4 {[%emt 0:00:09]} Kxf4 {[%emt 0:00:02]} 74. h4 {[%emt 0:00:16]} Kg4 {[%emt 0:00:03]} 75. h5 {[%emt 0:00:06]} Kxh5 {[%emt 0:00:04]} 76. Kf3 {[%emt 0:00:04]} Kg5 {[%emt 0:00:04]} 77. Kg3 {[%emt 0:00:08]} f4+ {[%emt 0:00:06]} 78. Kf3 {[%emt 0:00:04]} Kf5 {[%emt 0:00:05]} 79. Kf2 {[%emt 0:00:09]} Ke4 {[%emt 0:00:07]} 80. Ke2 {[%emt 0:00:05]} f3+ {[%emt 0:00:05]} 81. Kf2 {[%emt 0:00:04]} Kf4 {[%emt 0:00:05]} 82. Kf1 {[%emt 0:00:09]} Ke4 {[%emt 0:00:09]} 83. Kf2 {[%emt 0:00:07]} Kf4 {[%emt 0:00:02]} 84. Kf1 {[%emt 0:00:10]} Ke3 {[%emt 0:00:06]} 85. Ke1 {[%emt 0:00:09]} f2+ {[%emt 0:00:04]} 86. Kf1 {[%emt 0:00:06]} Kf3 {[%emt 0:00:03]} 1/2-1/2

[Event "46th GRE-chT Premier 2018"]
[Site "Rio Achaia"]
[Date "2018.07.11"]
[Round "2"]
[White "Tzouganakis, Panteleimon"]
[Black "Malikentzos, Sotirios"]
[Result "0-1"]
[WhiteElo "2206"]
[BlackElo "2420"]
[Annotator "TA"]
[PlyCount "72"]
[EventDate "2018.07.10"]
[EventType "team-tourn"]
[EventCountry "GRE"]
[SourceTitle "playchess.com"]
[Source "ChessBase"]
[SourceQuality "1"]

{[%evp 9,72,24,20,10,14,9,11,-38,-38,-31,-40,-60,-41,-43,-35,-42,-32,-39,-44,-58,-47,-49,-41,-58,-59,-58,-56,-56,-60,-60,-50,-73,-54,-79,-59,-87,-87,-121,-82,-102,-96,-142,-142,-142,-136,-142,-137,-140,-133,-119,-125,-124,-137,-317,-318,-322,-316,-368,-356,-344,-333,-442,-445,-439,-437]} 1. e4 {[%cal Be2e4,Be4d5][%mdl 32]} c6 2. Nc3 d5 3. Qf3 g6 (3... e5 4. exd5 Nf6 5. dxc6 Nxc6 6. Bb5 Bd7 7. Nge2 Bc5 8. O-O O-O 9. d3 Nb4 10. Bg5 Bxb5 11. Nxb5 {½-½ (51) Vachier Lagrave,M (2793)-Admiraal,M (2453) chess.com INT 2018}) 4. exd5 Nf6 5. Bc4 Bg7 $146 ({Predecessor:} 5... Bg4 6. Qg3 b5 7. Bb3 b4 8. dxc6 Nxc6 9. Nd5 Nxd5 10. Qxg4 e6 11. Ba4 {1-0 (49) Ramakrishna,G (1727)-Grcic,M (1803) Canberra 2002}) 6. Nge2 {B11: Caro-Kann: Two Knights Variation} Bg4 7. Qg3 Bxe2 8. Bxe2 {The position is equal.} (8. Nxe2 {with more complications.} cxd5 9. Bb3 Ne4 10. Qe3 e6 11. d4) 8... cxd5 9. d4 Nc6 10. Bb5 Qb6 11. Qd3 O-O 12. Bxc6 Qxc6 13. O-O Rac8 14. f3 Qc4 15. Rd1 Rc6 16. Bg5 Qxd3 17. Rxd3 e6 18. Rc1 Rfc8 19. Rd2 Ne8 20. Nd1 Rc4 21. Be3 Nd6 22. b3 R4c6 23. Kf2 h5 24. Ke2 Nb5 25. Kd3 {[#]} Nc3 $1 {[%cal Rc3a2]} 26. Nxc3 Rxc3+ 27. Ke2 Bf8 28. Rd3 Ba3 29. Rxc3 Rxc3 $17 {[%mdl 4096] Endgame KRB-KRB} 30. Bd2 Rc6 31. Rb1 $2 {[#]} (31. Ra1 $17 {was the only defense.}) 31... Rxc2 $19 32. Kd3 Rxa2 33. b4 Bb2 34. Be3 b5 35. Kc2 Bxd4+ 36. Kb3 Ra1 {Precision: White = 41%, Black = 78%.} ({Less strong is} 36... Bxe3 37. Kxa2 Kg7 38. Kb3 $17) 0-1

[Event "46th GRE-chT Premier 2018"]
[Site "Rio Achaia"]
[Date "2018.07.11"]
[Round "2"]
[White "Milonakis, Georgios"]
[Black "Hristodoulou, Panagiotis"]
[Result "1-0"]
[WhiteElo "2200"]
[BlackElo "2329"]
[Annotator "NA"]
[PlyCount "155"]
[EventDate "2018.07.10"]
[EventType "team-tourn"]
[EventCountry "GRE"]
[SourceTitle "playchess.com"]
[Source "ChessBase"]
[SourceQuality "1"]
[TimeControl "40/5400+30:1800+30"]

1. Nf3 {[%emt 0:00:00]} d5 {[%emt 0:06:17]} 2. g3 {[%emt 0:00:23]} c6 {[%emt 0:00:14]} 3. Bg2 {[%emt 0:00:21]} Bg4 {[%emt 0:00:07]} 4. c4 {[%emt 0:01:58]} e6 {[%emt 0:00:08]} 5. cxd5 {[%emt 0:00:50]} Bxf3 {[%emt 0:03:07]} 6. Bxf3 {[%emt 0:00:22]} cxd5 {[%emt 0:00:11]} 7. d3 {[%emt 0:04:59]} Nf6 {[%emt 0:00:54]} 8. Nc3 {[%emt 0:00:44]} Nc6 {[%emt 0:00:30]} 9. O-O {[%emt 0:01:00]} Be7 {[%emt 0:00:21]} 10. Qa4 {[%emt 0:06:56]} O-O {[%emt 0:00:17]} 11. Bf4 {[%emt 0:02:37]} Qd7 {[%emt 0:06:39]} 12. Bg2 {[%emt 0:04:10]} a6 {[%emt 0:12:07]} 13. Rac1 {[%emt 0:03:39]} b5 {[%emt 0:05:30]} 14. Qd1 {[%emt 0:02:50]} Rac8 {[%emt 0:00:19]} 15. h3 {[%emt 0:14:44]} Rfd8 {[%emt 0:16:41]} 16. g4 {[%emt 0:01:13]} e5 {[%emt 0:05:06]} 17. Bg5 {[%emt 0:14:20]} Qe6 {[%emt 0:05:02]} 18. e3 {[%emt 0:05:02]} Ne8 {[%emt 0:06:35]} 19. Bxe7 {[%emt 0:01:27]} Nxe7 {[%emt 0:00:03]} 20. d4 {[%emt 0:05:46]} e4 {[%emt 0:05:14]} 21. f3 {[%emt 0:04:39]} f5 {[%emt 0:04:41]} 22. fxe4 {[%emt 0:02:21]} fxe4 {[%emt 0:00:36]} 23. Ne2 {[%emt 0:01:47]} Rxc1 {[%emt 0:03:56]} 24. Qxc1 {[%emt 0:00:14]} Rc8 {[%emt 0:00:12]} 25. Qd2 {[%emt 0:01:40]} Ng6 {[%emt 0:00:39]} 26. Rc1 {[%emt 0:03:13]} Nd6 {[%emt 0:04:37]} 27. Rxc8+ {[%emt 0:00:40]} Qxc8 {[%emt 0:01:01]} 28. Qc3 {[%emt 0:01:28]} Qc4 {[%emt 0:01:44]} 29. Bf1 {[%emt 0:07:00]} b4 {[%emt 0:04:30]} 30. Qe1 {[%emt 0:05:22]} Qd3 {[%emt 0:02:40]} 31. Nf4 {[%emt 0:01:38]} Qc2 {[%emt 0:00:34]} 32. Nxg6 {[%emt 0:00:15]} hxg6 {[%emt 0:00:11]} 33. Qxb4 {[%emt 0:00:06]} Nf7 {[%emt 0:01:32]} 34. Qe7 {[%emt 0:00:56]} Qc6 {[%emt 0:00:53]} 35. b4 {[%emt 0:01:35]} Nd6 {[%emt 0:00:27]} 36. Qe6+ {[%emt 0:00:25]} Kh7 {[%emt 0:00:22]} 37. a4 {[%emt 0:00:51]} Qc7 {[%emt 0:00:45]} 38. Qxd5 {[%emt 0:00:09]} Nf7 {[%emt 0:03:06]} 39. Qxe4 {[%emt 0:00:55]} Qg3+ {[%emt 0:00:52]} 40. Qg2 {[%emt 0:00:00]} Qxe3+ {[%emt 0:00:00]} 41. Qf2 {[%emt 0:00:57]} Qe7 {[%emt 0:00:38]} 42. Bxa6 {[%emt 0:06:22]} Qxb4 {[%emt 0:00:26]} 43. Qxf7 {[%emt 0:01:24]} Qxd4+ {[%emt 0:00:07]} 44. Qf2 {[%emt 0:00:57]} Qxa4 {[%emt 0:00:04]} 45. Be2 {[%emt 0:01:21]} Qb3 {[%emt 0:00:11]} 46. Kg2 {[%emt 0:02:07]} Qd5+ {[%emt 0:00:34]} 47. Bf3 {[%emt 0:00:53]} Qe5 {[%emt 0:00:02]} 48. Qc2 {[%emt 0:02:04]} Kh6 {[%emt 0:00:22]} 49. Qe4 {[%emt 0:00:33]} Qb2+ {[%emt 0:00:08]} 50. Be2 {[%emt 0:00:17]} g5 {[%emt 0:00:38]} 51. Qe3 {[%emt 0:02:29]} Kh7 {[%emt 0:00:45]} 52. Kg1 {[%emt 0:02:09]} Qf6 {[%emt 0:00:13]} 53. Qe4+ {[%emt 0:00:46]} g6 {[%emt 0:00:04]} 54. Bd3 {[%emt 0:01:46]} Kh6 {[%emt 0:00:52]} 55. Kg2 {[%emt 0:00:05]} Qb2+ {[%emt 0:00:18]} 56. Bc2 {[%emt 0:01:10]} Qf6 {[%emt 0:00:01]} 57. Qc4 {[%emt 0:05:14]} Qb6 {[%emt 0:01:48]} 58. Be4 {[%emt 0:01:02]} Qb2+ {[%emt 0:00:18]} 59. Kf1 {[%emt 0:00:44]} Qa1+ {[%emt 0:02:06]} 60. Ke2 {[%emt 0:00:34]} Qb2+ {[%emt 0:00:05]} 61. Bc2 {[%emt 0:01:40]} Qe5+ {[%emt 0:00:17]} 62. Qe4 {[%emt 0:00:13]} Qh2+ {[%emt 0:00:51]} 63. Ke3 {[%emt 0:01:47]} Qg3+ {[%emt 0:00:39]} 64. Kd4 {[%emt 0:01:14]} Qd6+ {[%emt 0:00:07]} 65. Qd5 {[%emt 0:01:04]} Qb4+ {[%emt 0:00:09]} 66. Qc4 {[%emt 0:00:24]} Qb2+ {[%emt 0:00:12]} 67. Qc3 {[%emt 0:00:23]} Qb6+ {[%emt 0:00:04]} 68. Qc5 {[%emt 0:00:18]} Qf6+ {[%emt 0:00:19]} 69. Qe5 {[%emt 0:00:18]} Qb6+ {[%emt 0:00:09]} 70. Kd3 {[%emt 0:01:36]} Qa6+ {[%emt 0:00:58]} 71. Kd2 {[%emt 0:00:16]} Qc8 {[%emt 0:00:30]} 72. Qd6 {[%emt 0:01:09]} Qd7 {[%emt 0:02:10]} 73. Qd3 {[%emt 0:00:10]} Qc6 {[%emt 0:00:06]} 74. Qxg6+ {[%emt 0:00:07]} Qxg6 {[%emt 0:00:05]} 75. Bxg6 {[%emt 0:00:04]} Kxg6 {[%emt 0:00:04]} 76. Kd3 {[%emt 0:00:06]} Kf7 {[%emt 0:01:29]} 77. Kd4 {[%emt 0:00:15]} Ke6 {[%emt 0:00:21]} 78. Ke4 {[%emt 0:00:06] Kd5+} 1-0

[Event "46th GRE-chT Premier 2018"]
[Site "Rio Achaia"]
[Date "2018.07.11"]
[Round "2"]
[White "Klerides, Paris"]
[Black "Karousos-Theodorakis, Nikolaos"]
[Result "0-1"]
[WhiteElo "2196"]
[BlackElo "2255"]
[Annotator "NA"]
[PlyCount "64"]
[EventDate "2018.07.10"]
[EventType "team-tourn"]
[EventCountry "GRE"]
[SourceTitle "playchess.com"]
[Source "ChessBase"]
[SourceQuality "1"]
[TimeControl "40/5400+30:1800+30"]

1. e4 {[%emt 0:00:00]} c5 {[%emt 0:00:00]} 2. Nf3 {[%emt 0:00:03]} d6 {[%emt 0:00:00]} 3. d4 {[%emt 0:00:12]} cxd4 {[%emt 0:00:00]} 4. Nxd4 {[%emt 0:00:21]} Nf6 {[%emt 0:00:02]} 5. Nc3 {[%emt 0:00:20]} a6 {[%emt 0:00:06]} 6. Bg5 {[%emt 0:00:58]} Nbd7 {[%emt 0:00:10]} 7. f4 {[%emt 0:00:13]} Qc7 {[%emt 0:00:14]} 8. Qf3 {[%emt 0:00:33]} h6 {[%emt 0:01:16]} 9. Bh4 {[%emt 0:01:48]} g5 {[%emt 0:00:18]} 10. fxg5 {[%emt 0:01:50]} hxg5 {[%emt 0:00:16]} 11. Bxg5 {[%emt 0:09:03]} Qc5 {[%emt 0:00:21]} 12. Be3 {[%emt 0:14:40]} Ne5 {[%emt 0:00:24]} 13. Qe2 {[%emt 0:00:35]} Qb4 {[%emt 0:23:40]} 14. O-O-O {[%emt 0:13:35]} Bg4 {[%emt 0:08:05]} 15. Nf3 {[%emt 0:08:22]} Rc8 {[%emt 0:03:59]} 16. Rd4 {[%emt 0:05:54]} Qa5 {[%emt 0:01:30]} 17. Ra4 {[%emt 0:05:09]} Qc7 {[%emt 0:01:43]} 18. Qf2 {[%emt 0:04:09]} Bd7 {[%emt 0:15:48]} 19. Bb6 {[%emt 0:06:33]} Bh6+ {[%emt 0:01:07]} 20. Kb1 {[%emt 0:00:24]} Neg4 {[%emt 0:02:11]} 21. Qg1 {[%emt 0:03:21]} Be3 {[%emt 0:13:42]} 22. Rb4 {[%emt 0:06:23]} Bxg1 {[%emt 0:01:02]} 23. Bxc7 {[%emt 0:00:13]} Bc5 {[%emt 0:00:18]} 24. Rxb7 {[%emt 0:00:38]} Bc6 {[%emt 0:00:38]} 25. Rb8 {[%emt 0:01:26]} Rxb8 {[%emt 0:00:04]} 26. Bxb8 {[%emt 0:00:01]} Nf2 {[%emt 0:00:26]} 27. e5 {[%emt 0:02:47]} Nxh1 {[%emt 0:00:49]} 28. exf6 {[%emt 0:00:12]} Kd7 {[%emt 0:00:19]} 29. fxe7 {[%emt 0:05:03]} Rxb8 {[%emt 0:00:43]} 30. Bxa6 {[%emt 0:00:33]} Kxe7 {[%emt 0:00:25]} 31. Bc4 {[%emt 0:00:26]} Rg8 {[%emt 0:05:06]} 32. Nh4 {[%emt 0:00:49]} Rg4 {[%emt 0:03:01]} 0-1

[Event "46th GRE-chT Premier 2018"]
[Site "Rio Achaia"]
[Date "2018.07.11"]
[Round "2"]
[White "Gazis, Efstathios"]
[Black "Masouros, Panagiotis"]
[Result "1/2-1/2"]
[WhiteElo "2195"]
[BlackElo "1860"]
[Annotator "NA"]
[PlyCount "79"]
[EventDate "2018.07.10"]
[EventType "team-tourn"]
[EventCountry "GRE"]
[SourceTitle "playchess.com"]
[Source "ChessBase"]
[SourceQuality "1"]
[TimeControl "40/5400+30:1800+30"]

1. e4 {[%emt 0:07:30]} c5 {[%emt 0:00:00]} 2. Nf3 {[%emt 0:00:13]} Nc6 {[%emt 0:00:00]} 3. Nc3 {[%emt 0:00:21]} d6 {[%emt 0:01:07]} 4. d4 {[%emt 0:01:23]} cxd4 {[%emt 0:00:10]} 5. Nxd4 {[%emt 0:00:04]} Nf6 {[%emt 0:00:32]} 6. Bg5 {[%emt 0:00:09]} e6 {[%emt 0:00:10]} 7. Qd3 {[%emt 0:00:26]} Be7 {[%emt 0:01:30]} 8. Be2 {[%emt 0:00:11]} a6 {[%emt 0:01:28]} 9. O-O-O {[%emt 0:00:13]} Qc7 {[%emt 0:03:41]} 10. f4 {[%emt 0:00:50]} Bd7 {[%emt 0:04:57]} 11. Rhe1 {[%emt 0:03:53]} Rc8 {[%emt 0:01:41]} 12. Nxc6 {[%emt 0:05:31]} Bxc6 {[%emt 0:01:45]} 13. Bf3 {[%emt 0:02:03]} O-O {[%emt 0:02:52]} 14. Bxf6 {[%emt 0:05:38]} Bxf6 {[%emt 0:00:57]} 15. Qxd6 {[%emt 0:02:52]} Bxc3 {[%emt 0:00:25]} 16. bxc3 {[%emt 0:00:30]} Qa5 {[%emt 0:04:41]} 17. Kb2 {[%emt 0:02:39]} Bd5 {[%emt 0:05:59]} 18. Qb4 {[%emt 0:08:55]} Qxa2+ {[%emt 0:01:25]} 19. Kc1 {[%emt 0:00:09]} Bc6 {[%emt 0:05:22]} 20. Rd4 {[%emt 0:08:32]} a5 {[%emt 0:04:23]} 21. Qb3 {[%emt 0:03:33]} Qxb3 {[%emt 0:01:51]} 22. cxb3 {[%emt 0:00:06]} Rfd8 {[%emt 0:00:38]} 23. Kb2 {[%emt 0:05:50]} Kf8 {[%emt 0:01:23]} 24. Red1 {[%emt 0:03:32]} Ke7 {[%emt 0:00:34]} 25. c4 {[%emt 0:01:34]} f6 {[%emt 0:15:32]} 26. b4 {[%emt 0:09:00]} axb4 {[%emt 0:03:23]} 27. Kb3 {[%emt 0:01:20]} Rxd4 {[%emt 0:02:36]} 28. Rxd4 {[%emt 0:00:05]} Ra8 {[%emt 0:00:20]} 29. Kxb4 {[%emt 0:00:24]} Ra1 {[%emt 0:01:21]} 30. Kc5 {[%emt 0:04:24]} Re1 {[%emt 0:04:40]} 31. Rd3 {[%emt 0:02:53]} e5 {[%emt 0:11:10]} 32. fxe5 {[%emt 0:00:17]} fxe5 {[%emt 0:00:04]} 33. Rd2 {[%emt 0:00:34]} g6 {[%emt 0:01:22]} 34. Kb6 {[%emt 0:00:40]} Bxe4 {[%emt 0:01:31]} 35. Bxe4 {[%emt 0:01:41]} Rxe4 {[%emt 0:00:05]} 36. Kc5 {[%emt 0:00:43]} b6+ {[%emt 0:01:10]} 37. Kd5 {[%emt 0:00:22]} Rd4+ {[%emt 0:03:29]} 38. Rxd4 {[%emt 0:00:20]} exd4 {[%emt 0:00:02]} 39. Kxd4 {[%emt 0:00:07]} Kd6 {[%emt 0:00:03]} 40. Ke4 {Ke5+} 1/2-1/2

[Event "46th GRE-chT Premier 2018"]
[Site "Rio Achaia"]
[Date "2018.07.11"]
[Round "2"]
[White "Havanecz, Bianka"]
[Black "Galunova, Tsveta"]
[Result "0-1"]
[WhiteElo "2193"]
[BlackElo "2204"]
[Annotator "NA"]
[PlyCount "58"]
[EventDate "2018.07.10"]
[EventType "team-tourn"]
[EventCountry "GRE"]
[SourceTitle "playchess.com"]
[Source "ChessBase"]
[SourceQuality "1"]
[TimeControl "40/5400+30:1800+30"]

1. d4 {[%emt 0:00:00]} g6 {[%emt 0:00:00]} 2. Nf3 {[%emt 0:00:00]} Bg7 {[%emt 0:00:40]} 3. g3 {[%emt 0:00:00]} Nf6 {[%emt 0:03:03]} 4. Bg2 {[%emt 0:00:00]} d6 {[%emt 0:01:06]} 5. O-O {[%emt 0:00:07]} O-O {[%emt 0:01:06]} 6. c4 {[%emt 0:00:05]} Bf5 {[%emt 0:08:08]} 7. Nfd2 {[%emt 0:11:02]} Nc6 $11 {[%emt 0:02:49]} 8. e4 {[%emt 0:01:53]} Bg4 {[%emt 0:00:53]} 9. f3 {[%emt 0:00:37]} Bd7 {[%emt 0:02:13]} 10. d5 {[%emt 0:04:53]} Nd4 {[%emt 0:01:25]} 11. Nb3 {[%emt 0:02:01]} c5 {[%emt 0:10:13]} 12. Nxd4 {[%emt 0:04:33]} cxd4 {[%emt 0:00:08]} 13. Nd2 {[%emt 0:18:19]} Qb6 {[%emt 0:05:41]} 14. Rb1 {[%emt 0:04:20]} a5 {[%emt 0:04:37]} 15. h3 {[%emt 0:01:29]} e5 {[%emt 0:06:11]} 16. Kh2 {[%emt 0:03:13]} Nh5 {[%emt 0:02:56]} 17. a4 {[%emt 0:03:13]} Rac8 {[%emt 0:13:29]} 18. b3 {[%emt 0:00:23]} Bh6 {[%emt 0:00:38]} 19. Bh1 {[%emt 0:06:54]} d3 {[%emt 0:12:09]} 20. Qe1 {[%emt 0:13:07]} f5 {[%emt 0:06:53]} 21. Rb2 {[%emt 0:10:32]} Qd4 {[%emt 0:06:52]} 22. Rg1 {[%emt 0:07:00]} Be3 {[%emt 0:02:39]} 23. Rg2 {[%emt 0:00:12]} fxe4 {[%emt 0:03:38]} 24. Nxe4 {[%emt 0:00:06]} Bxc1 {[%emt 0:01:49]} 25. Qxc1 {[%emt 0:00:05]} Rxf3 {[%emt 0:00:26]} 26. Nxd6 {[%emt 0:00:59]} Rcf8 {[%emt 0:00:20]} 27. Qg1 {[%emt 0:04:52]} Qh4 {[%emt 0:01:49]} 28. Qe1 {[%emt 0:02:25]} Qxh3+ {[%emt 0:00:25]} 29. Kg1 {[%emt 0:00:04]} Nxg3 {[%emt 0:01:07]} 0-1

[Event "46th GRE-chT Premier 2018"]
[Site "Rio Achaia"]
[Date "2018.07.11"]
[Round "2"]
[White "Tzintzios, Georgios"]
[Black "Nikolaidis, Konstantinos"]
[Result "1/2-1/2"]
[WhiteElo "2186"]
[BlackElo "2182"]
[Annotator "NA"]
[PlyCount "125"]
[EventDate "2018.07.10"]
[EventType "team-tourn"]
[EventCountry "GRE"]
[SourceTitle "playchess.com"]
[Source "ChessBase"]
[SourceQuality "1"]
[TimeControl "40/5400+30:1800+30"]

1. e4 {[%emt 0:00:00]} c6 {[%emt 0:00:55]} 2. d4 {[%emt 0:00:09]} d5 {[%emt 0:00:12]} 3. Nc3 {[%emt 0:00:15]} dxe4 {[%emt 0:00:15]} 4. Nxe4 {[%emt 0:00:06]} Bf5 {[%emt 0:00:38]} 5. Ng3 {[%emt 0:00:07]} Bg6 {[%emt 0:00:06]} 6. Nh3 {[%emt 0:00:16]} e6 {[%emt 0:04:37]} 7. Nf4 {[%emt 0:00:32]} Bd6 {[%emt 0:06:39]} 8. Nfh5 {[%emt 0:11:07]} Bxh5 {[%emt 0:00:53]} 9. Nxh5 {[%emt 0:04:18]} g6 {[%emt 0:01:46]} 10. Ng3 {[%emt 0:00:33]} Nf6 {[%emt 0:03:39]} 11. Bh6 {[%emt 0:01:48]} Nbd7 {[%emt 0:01:26]} 12. Qd2 {[%emt 0:00:24]} Qc7 {[%emt 0:05:56]} 13. Be2 {[%emt 0:01:53]} O-O-O {[%emt 0:07:52]} 14. O-O-O {[%emt 0:01:49]} e5 {[%emt 0:04:01]} 15. Kb1 {[%emt 0:06:23]} Rhe8 {[%emt 0:05:58]} 16. Bc4 {[%emt 0:21:14]} Nb6 {[%emt 0:07:19]} 17. Bb3 {[%emt 0:01:05]} Ng4 {[%emt 0:11:27]} 18. Bg5 {[%emt 0:08:33]} f6 {[%emt 0:07:05]} 19. dxe5 {[%emt 0:14:52]} Bxe5 {[%emt 0:05:48]} 20. Qe2 {[%emt 0:00:27]} Nxf2 {[%emt 0:08:57]} 21. Rxd8+ {[%emt 0:03:03]} Qxd8 {[%emt 0:02:22]} 22. Qxf2 {[%emt 0:00:37]} fxg5 {[%emt 0:00:21]} 23. Re1 {[%emt 0:01:24]} Bf4 {[%emt 0:01:35]} 24. a4 {[%emt 0:01:40]} Kb8 {[%emt 0:04:12]} 25. Rxe8 {[%emt 0:05:39]} Qxe8 {[%emt 0:00:05]} 26. Qd4 {[%emt 0:01:01]} Qd7 {[%emt 0:04:50]} 27. Qf6 {[%emt 0:03:02]} Nd5 {[%emt 0:01:01]} 28. Qf8+ {[%emt 0:01:09]} Kc7 {[%emt 0:00:45]} 29. Qc5 {[%emt 0:02:17]} Qe7 {[%emt 0:01:51]} 30. Qa5+ {[%emt 0:00:13]} Nb6 {[%emt 0:01:18]} 31. Ka2 {[%emt 0:01:09]} Kb8 {[%emt 0:00:51]} 32. Qc3 {[%emt 0:00:16]} Be5 {[%emt 0:00:21]} 33. Qe3 {[%emt 0:01:55]} Nd5 {[%emt 0:00:33]} 34. Bxd5 {[%emt 0:02:48]} cxd5 {[%emt 0:00:01]} 35. Ne2 {[%emt 0:00:48]} a6 {[%emt 0:00:36]} 36. g3 {[%emt 0:01:11]} Qf6 {[%emt 0:00:45]} 37. c3 {[%emt 0:00:41]} h6 {[%emt 0:00:31]} 38. Kb3 {[%emt 0:03:26]} Bc7 {[%emt 0:00:52]} 39. Qe8+ {[%emt 0:00:31]} Ka7 {[%emt 0:00:24]} 40. Nd4 {[%emt 0:00:00]} Bb6 {[%emt 0:00:00]} 41. Ne6 {[%emt 0:02:56]} Qf2 {[%emt 0:22:04]} 42. Qd7 {[%emt 0:02:01]} Qf3 {[%emt 0:01:52]} 43. Ka2 {[%emt 0:07:42]} Qf5 {[%emt 0:01:45]} 44. Qd6 {[%emt 0:04:50]} Qe4 {[%emt 0:01:18]} 45. Qd7 {[%emt 0:04:19]} Qc4+ {[%emt 0:01:41]} 46. Ka1 {[%emt 0:02:04]} Qf1+ {[%emt 0:01:09]} 47. Ka2 {[%emt 0:00:02]} Qc4+ {[%emt 0:00:30]} 48. Ka1 {[%emt 0:00:05]} Qc6 {[%emt 0:02:39]} 49. Qxc6 {[%emt 0:02:03]} bxc6 {[%emt 0:00:01]} 50. Nf8 {[%emt 0:00:07]} g4 {[%emt 0:01:12]} 51. Nxg6 {[%emt 0:00:13]} Bg1 {[%emt 0:00:48]} 52. Nf4 {[%emt 0:01:56]} Bxh2 {[%emt 0:00:36]} 53. Ne2 {[%emt 0:00:04]} h5 {[%emt 0:00:37]} 54. Kb1 {[%emt 0:00:07]} Kb6 {[%emt 0:00:36]} 55. Kc2 {[%emt 0:00:13]} Ka5 {[%emt 0:00:15]} 56. b3 {[%emt 0:00:25]} c5 {[%emt 0:00:34]} 57. Kd3 {[%emt 0:02:30]} c4+ {[%emt 0:00:35]} 58. Kc2 {[%emt 0:02:26]} cxb3+ {[%emt 0:00:36]} 59. Kxb3 {[%emt 0:00:02]} Kb6 {[%emt 0:00:22]} 60. Kc2 {[%emt 0:00:28]} Ka5 {[%emt 0:00:33]} 61. Kb3 {[%emt 0:00:05]} Kb6 {[%emt 0:00:45]} 62. Kc2 {[%emt 0:00:01]} Ka5 {[%emt 0:00:21]} 63. Kb3 1/2-1/2